| 000 | 00547nam a2200145Ia 4500 | ||
|---|---|---|---|
| 008 | 151213s9999 xx 000 0 und d | ||
| 100 | _aরমেশ দাস গুপ্ত | ||
| 245 |
_aস্বাধীনতার সাম্য বিপ্লবের কবিতা _cরমেশ দাস গুপ্ত |
||
| 260 |
_aঢাকা _bচলন্তিকা বই ঘর _c1380 (Bangla) |
||
| 300 | _a8397 p. | ||
| 650 | _aBangla | ||
| 650 | _aBengali Literature | ||
| 700 | _aরমেশ দাস গুপ্ত | ||
| 999 |
_c4235 _d4235 |
||